(Registro nro. 3054)

Detalles MARC
000 -CABECERA
campo de control de longitud fija 01838nam a22002297a 4500
003 - IDENTIFICADOR DEL NÚMERO DE CONTROL
campo de control AR-RoIUNI
005 - FECHA Y HORA DE LA ÚLTIMA TRANSACCIÓN
campo de control 20160719123116.0
007 - CAMPO FIJO DE DESCRIPCIÓN FÍSICA--INFORMACIÓN GENERAL
campo de control de longitud fija ta
008 - DATOS DE LONGITUD FIJA--INFORMACIÓN GENERAL
campo de control de longitud fija 160719s2006 ag |||||r|||| 00| 0 spa d
020 ## - NÚMERO INTERNACIONAL ESTÁNDAR DEL LIBRO
Número Internacional Estándar del Libro 9872100055
040 ## - FUENTE DE LA CATALOGACIÓN
Centro/agencia transcriptor
080 ## - NÚMERO DE LA CLASIFICACIÓN DECIMAL UNIVERSAL
Número de la Clasificación Decimal Universal 101.1
100 1# - ENTRADA PRINCIPAL--NOMBRE DE PERSONA
Nombre de persona Deleuze, Gilles‏
Fechas asociadas al nombre 1925-1995‏
245 10 - MENCIÓN DE TÍTULO
Título Exasperación de la filosofía :
Resto del título el Leibniz de Deleuze /
Mención de responsabilidad, etc. Gilles Deleuze.
260 ## - PUBLICACIÓN, DISTRIBUCIÓN, ETC. (PIE DE IMPRENTA)
Lugar de publicación, distribución, etc. Buenos Aires :
Nombre del editor, distribuidor, etc. Cactus,
Fecha de publicación, distribución, etc. 2006.
300 ## - DESCRIPCIÓN FÍSICA
Extensión 390 p. ;
Dimensiones 18 cm.
490 0# - MENCIÓN DE SERIE
Mención de serie Serie Clases ;
Designación de volumen o secuencia 2
505 0# - NOTA DE CONTENIDO CON FORMATO
Nota de contenido con formato Apología de la viola d`amore -- Parte 1. 1980 -- Clase I. Exasperacióin de la filosofía. El mundo según Leibniz -- Clase II. El agua está llena de peces, los peces de agua. El análisis infinito : inclusión y composibilidad -- Clase III. El ruido del mar. Teoría psico-matemática de las singularidades -- Clase IV. Los cuatro principios leibinizianos -- Clase V. El (des)acuerdo de los filósofos. Leibniz y Kant -- Parte 2 1986-1987 -- Clase VI. De la curva al individuo. Inflexión, punto de vista y mónada -- Clase VII. El nudo gordiano. Sujeto, predicado y acontecimiento -- Clase VIII. El sueño de Teodoro. Singularidad, composibilidad e individuación -- Clase IX. La Canción de Belcebú. Sobre la libertad y la condenación -- Clase X. El gran Diádoco. Whitehead y el acontecimiento -- Clase XI. El órden de los cadáveres sobre el campo de batalla. Condiciones y componentes del acontecimiento -- Clase XII. Musicalidad del ser. Coondiciones y componentes del acontecimiento (2a parte) -- Clase XIII. Ser lanzado a pleno mar. La exigencia de un cuerpo en la sustancia -- Clase XIV. ¿Qué es eso de tener un cuerpo? -- Clase XV. Una última visita a los dos pisos del Barroco. De la inflexión a la mónada del cuerpo.
650 #4 - PUNTO DE ACCESO ADICIONAL DE MATERIA--TÉRMINO DE MATERIA
Término de materia o nombre geográfico como elemento inicial PSICOLOGÍA
650 #4 - PUNTO DE ACCESO ADICIONAL DE MATERIA--TÉRMINO DE MATERIA
Término de materia o nombre geográfico como elemento inicial FILOSOFÍA
942 ## - ELEMENTOS DE PUNTO DE ACCESO ADICIONAL (KOHA)
Fuente del sistema de clasificación o colocación Clasificación Decimal Universal
Tipo de ítem Koha Libros
Existencias
Estado de retiro Estado de pérdida Fuente del sistema de clasificación o colocación Estado dañado Excepción de préstamo Código de colección Localización permanente Ubicación/localización actual Ubicación en estantería Fecha de adquisición Número de inventario Total de préstamos Signatura topográfica completa Código de barras Fecha visto por última vez Número de copia Precio válido a partir de Tipo de ítem Koha Nota pública
    Clasificación Decimal Universal     Psicología BIBLIOTECA RIOBAMBA BIBLIOTECA RIOBAMBA BIBLIOTECA RIOBAMBA 04/07/2016 3143   101.1 DEL 3143 19/07/2016 1 19/07/2016 Libros Donación Pablo Zöpke